000 00448nam a2200193Ia 4500
005 20240823022735.0
008 240823s9999||||xx |||||||||||||| ||und||
020 _a81-7809-148-8
041 _aENGLISH
082 _A128 P2
100 _a"Maxwell,John C"
245 0 _aYour Bridge to a Better Future
250 _a1st
260 _c2002
_b"Magna,M"
_aMumbai
500 _aYES
650 _aGeneral
_bGeneral
942 _cBK
999 _c179888
_d179888